Hauptstädte der Welt - die am schwersten zu lernende - Statistiken

Allgemein
  • Dieses Quiz wurde 207 mal gespielt
  • Das Durchschnittsergebnis liegt bei 16 aus 47
Antwortstatistiken
Land Hauptstadt % Korrekt
Saudu Arabien Riad
94%
Malaysia Kuala Lumpur
87%
Libanon Beirut
86%
Armenien Jerewan
75%
Indonesien Jakarta
72%
Pakistan Islamabad
70%
Laos Vientiane
70%
Vereinigte Arabische Emirate Abu-Dhabi
67%
Katar Doha
63%
Angola Luanda
61%
Bangladesch Dhaka
60%
Paraguay Asuncion
59%
Tadschikistan Duschanbe
56%
Bahrain Manama
55%
Oman Maskat
55%
Usbekistan Taschkent
55%
Kirgigistan Bischkek
54%
Suriname Paramaribo
49%
Honduras Tegucigalpa
49%
Turkmenistan Asgabat
38%
Bhutan Thimphu
37%
Tuvalu Funafuti
35%
Myanmar Naypyidaw
35%
Sardinien Cagliari
34%
Kiribati South Tarawa
34%
Mikronesien Palikir
32%
Salomonen Honiara
30%
Palau Ngerulmud
27%
Jemen Saana
15%
Mongolei Ulaanbaator
9%
Niue Alofi
8%
Cookinseln Avarua
6%
Pitcairninseln Adamstown
5%
Guam Hagatna
5%
Kambotscha Phom Penh
5%
Elba Portoferraio
5%
Mayotte Mamoudzou
4%
Menorca Mao
4%
Neukaledonien Noumea
4%
Wallis und Futuna Mata-Utu
3%
Lesbos Mytilini
3%
Gurnsey Saint Peter Port
3%
Djerba Hount Souk
2%
Thasos Limenas Thasou
2%
Tokelau Atafu
1%
Ascention Georg Town
1%
Birma Naypysidaw
1%
Keine übereinstimmenden Quizze gefunden
Verteilung der Resultate
Anzahl Personen mit jedem Resultat
Perzentil nach korrekt beantworteten Fragen
Ihre Resultats-Entwicklung
Sie haben dieses Quiz noch nicht gespielt